Manejo tradicional de fauna silvestre en comunidades negras del Pacíffico norte colombiano / (Registro nro. 17886)

Detalles MARC
000 -CABECERA
Campo de control 01062nam a2200241 a 4500
005 - FECHA Y HORA DE LA ULTIMA TRANSACCION
Campo de control 20160206153321.0
008 - ELEMENTOS DE LONGITUD FIJA—INFORMACION GENERAL
Campo de control 141017s2011 ck a gr 00010 spa d
020 ## - ISBN
ISBN 9789588555119
040 ## - FUENTE DE CATALOGACIÓN
Agencia catalogadora original CO-BoBLA
Agencia transcriptora CO-BoBLA
Agencia Modificadora CO-BOIAvH
041 ## - IDIOMA
Código de idioma para texto/pista de sonido o título separado Español
044 ## - PAÍS DE PUBLICACIÓN
País de publicación Colombia
082 04 - NUMERO DE CLASIFICACION DECIMAL DEWEY
Número de clasificación 590.986
Número del ítem A84m
100 1# - ASIENTO PRINCIPAL--NOMBRE PERSONAL
Nombre personal Asprilla Perea, Jeferson
9 (RLIN) 43430
245 10 - MENCION DE TITULO
Título Manejo tradicional de fauna silvestre en comunidades negras del Pacíffico norte colombiano /
Mención de responsabilidad Jeferson Asprilla Perea, Leidy Indira Hinestroza Córdoba.
260 ## - PUBLICACION, DISTRIBUCION, ETC. (PIE DE IMPRENTA)
Lugar de publicación, distribución, etc. Quibdó :
Nombre del editor, distribuidor, etc. Universidad Tecnológica del Chocó "Diego Luis Córdoba",
Fecha de publicación, distribución, etc. 2011.
300 ## - DESCRIPCION FISICA
Extensión 89 páginas :
Otros detalles físicos ilustraciones ;
Dimensiones 24 cm.
504 ## - NOTA DE BIBLIOGRAFIA, ETC.
Nota de bibliografía Incluye referencias bibliográficas (páginas 85-89)
650 14 - ASIENTO SECUNDARIO DE MATERIA - TERMINO TEMATICO
Término temático o nombre geográfico como elemento de entrada Fauna silvestre
Subdivisión geográfica Pacífico (Región, Colombia)
9 (RLIN) 57724
650 24 - ASIENTO SECUNDARIO DE MATERIA - TERMINO TEMATICO
Término temático o nombre geográfico como elemento de entrada Consumo de fauna silvestre
Subdivisión geográfica Pacífico (Región, Colombia)
9 (RLIN) 57725
650 24 - ASIENTO SECUNDARIO DE MATERIA - TERMINO TEMATICO
Término temático o nombre geográfico como elemento de entrada Recuperación de la fauna silvestre
Subdivisión geográfica Pacífico (Región, Colombia)
9 (RLIN) 57726
700 1# - ASIENTO SECUNDARIO - NOMBRE PERSONAL
Nombre personal Hinestroza Córdoba, Leidy Indira,
Término de relación autora.
9 (RLIN) 43434
942 ## - ELEMENTOS ADICIONALES (KOHA)
Sistema de clasificación Dewey Decimal Classification
Tipo de ítem Libro
Existencias
Withdrawn status Lost status Sistema de Clasificación Damaged status No para préstamo Colección Inventariado Ubicación Permanente Ubicación actual Fecha de adquisición Fuente de Valor Valor Total Checkouts Número topográfico Inventario / Código de Barras Date last seen Date checked out Ejemplar Price effective from Forma de adquisición Tipo de material
    Dewey Decimal Classification     General Inventariado 2017 Bogotá Bogotá 27/11/2015 Instituto 39000.00 3 LB-590.986 A84m 039208 29/03/2019 18/03/2019 Ej. 1 27/11/2015   Libro
    Dewey Decimal Classification     General Inventariado 2017 Sala Fabio Quevedo Sala Fabio Quevedo 06/02/2016 Instituto 39000.00   LB-590.986 A84m 042199 06/02/2016   Ej. 2 06/02/2016   Libro